| 000 | 00747nam a2200253 a 4500 | ||
|---|---|---|---|
| 005 | 20140311163028.0 | ||
| 008 | 100327s19uu xx 00 eng d | ||
| 020 | _a9789712720130 | ||
| 050 |
_aPN 1992.94 _b.C355Vpp 2008 |
||
| 100 | _aCasul, Melanie | ||
| 245 |
_aThe media kit : _ba frame-by frame guide to visual production / _cMelanie Casul, Jag Garcia, Michael Kholim. |
||
| 260 |
_aPasig City : _bAnvil Publsihing, Inc, _c2008. |
||
| 300 |
_a270 p. : _bill. ; _c23 cm. |
||
| 521 | _aMC | ||
| 650 | _aVisual Producion. | ||
| 650 | _aVideo production. | ||
| 650 | _aPost production. | ||
| 650 | _aMedia kit. | ||
| 700 | _aGarcia, Jag | ||
| 700 | _aKholim, Michael | ||
| 942 |
_cBK _2lcc _kLOC |
||
| 999 |
_c39583 _d39583 |
||